000 00537nam a22001937a 4500
003 KOHA_MİRAKIL
005 20251221172038.0
008 251221b tu ||||| |||| 00| 0 tur d
020 _a9789750533020
040 _aTR-AnABB
_btur
_cTR-AnABB
041 _atur
082 _a339.5
_bISI 2022
100 1 _aIşık, Oğuz,
245 1 0 _aEşitsizlikler kitabı /
_cOğuz Işık
260 _aİstanbul :
_bİletişim Yayınları,
_c2022
300 _a399 sayfa ;
_c22 cm
650 0 4 _aTüketim İlişkileri
942 _2ddc
_cBK
999 _c9885
_d9885
900 _bGizem YORULMAZ